000 00646nam a2200241 a 4500
001 nice12345678
003 IN_TiNIC
005 20260116013838.0
008 050524s1997 leia grp 000 0 eng
020 _a9004499
_c100
082 0 0 _a333.30917671
_bTSU
100 _aTsugitaka, Sato
245 _aState and Rural Society in Medieval Islam
_b Sultans, Muqta`s and Fallahun
260 _aLeiden
_bBrill
_c1997
300 _a337p
500 _aincludes index and biblioraphy
505 2 _aIndex
650 _aLand Reforms-Egypt-Iraq-History
700 1 _aTsugitaka, Sato
902 _bSRS
942 _cBK
999 _c12784
_d12784